University Home | Library Home | Institutional Repository

To live and die in Dixie, & other poems. (Record no. 138002)

MARC details
000 -LEADER
fixed length control field 00587cam9a220019300 4500
001 - CONTROL NUMBER
control field lce00589011
008 - FIXED-LENGTH DATA ELEMENTS--GENERAL INFORMATION
fixed length control field 740625s1966 alua 000 0 eng
010 ## - LIBRARY OF CONGRESS CONTROL NUMBER
LC control number 66028695
035 ## - SYSTEM CONTROL NUMBER
System control number (Sirsi) r10286
035 ## - SYSTEM CONTROL NUMBER
System control number (DLC) 66028695
035 ## - SYSTEM CONTROL NUMBER
System control number (UPRA)lce00589011
050 0# - LIBRARY OF CONGRESS CALL NUMBER
Classification number PS3503.E233
Item number T6
082 ## - DEWEY DECIMAL CLASSIFICATION NUMBER
Classification number 811.54
100 1# - MAIN ENTRY--PERSONAL NAME
Personal name Beecher, John, 1904-
Dates associated with a name Beecher, John, 1904-
Linkage A63833.1
245 10 - TITLE STATEMENT
Title To live and die in Dixie, & other poems.
260 ## - PUBLICATION, DISTRIBUTION, ETC.
Place of publication, distribution, etc. [Birmingham, Ala.]
Name of publisher, distributor, etc. Red Mountain Editions,
Date of publication, distribution, etc. 1966.
949 ## - LOCAL PROCESSING INFORMATION (OCLC)
a PS3503.E233
w lcc
i -2024
m MAIN
t BOOK
l ON-SHELF

No items available.

© 2026 - The University of Zambia Library - Koha v25.11